| 000 -LEADER |
| fixed length control field |
02711cam a2200409 i 4500 |
| 001 - CONTROL NUMBER |
| control field |
18237636 |
| 003 - CONTROL NUMBER IDENTIFIER |
| control field |
NUST |
| 005 - DATE AND TIME OF LATEST TRANSACTION |
| control field |
20191210121000.0 |
| 008 - FIXED-LENGTH DATA ELEMENTS--GENERAL INFORMATION |
| fixed length control field |
140723s2014 enk 000 0 eng |
| 010 ## - LIBRARY OF CONGRESS CONTROL NUMBER |
| LC control number |
2014028981 |
| 020 ## - INTERNATIONAL STANDARD BOOK NUMBER |
| International Standard Book Number |
9780230303324 (hardback) |
| 038 ## - RECORD CONTENT LICENSOR |
| Staff Name |
MSOHAIL |
| 040 ## - CATALOGING SOURCE |
| Original cataloging agency |
DLC |
| Language of cataloging |
eng |
| Transcribing agency |
DLC |
| Description conventions |
rda |
| Modifying agency |
DLC |
| 042 ## - AUTHENTICATION CODE |
| Authentication code |
pcc |
| 043 ## - GEOGRAPHIC AREA CODE |
| Geographic area code |
e-uk--- |
| 050 00 - LIBRARY OF CONGRESS CALL NUMBER |
| Classification number |
JN318 |
| Item number |
.G728 2014 |
| 082 00 - DEWEY DECIMAL CLASSIFICATION NUMBER |
| Classification number |
320.60941 |
| Edition number |
23 |
| 084 ## - OTHER CLASSIFICATION NUMBER |
| Classification number |
POL002000 |
| -- |
POL026000 |
| Number source |
bisacsh |
| 100 1# - MAIN ENTRY--PERSONAL NAME |
| Personal name |
Greed, Clara, |
| Dates associated with a name |
1948- |
| 9 (RLIN) |
24192 |
| 245 10 - TITLE STATEMENT |
| Title |
Planning in the UK : |
| Remainder of title |
an introduction / |
| Statement of responsibility, etc. |
Clara Greed ; with David Johnson. |
| 264 #1 - PRODUCTION, PUBLICATION, DISTRIBUTION, MANUFACTURE, AND COPYRIGHT NOTICE |
| Place of production, publication, distribution, manufacture |
Hondmills, Basingstoke, Hampshire ; |
| -- |
New York, NY : |
| Name of producer, publisher, distributor, manufacturer |
Palgrave Macmillan, |
| Date of production, publication, distribution, manufacture, or copyright notice |
2014. |
| 300 ## - PHYSICAL DESCRIPTION |
| Extent |
xix, 369 pages ; |
| Dimensions |
26 cm |
| 336 ## - CONTENT TYPE |
| Content type term |
text |
| Content type code |
txt |
| Source |
rdacontent |
| 337 ## - MEDIA TYPE |
| Media type term |
unmediated |
| Media type code |
n |
| Source |
rdamedia |
| 338 ## - CARRIER TYPE |
| Carrier type term |
volume |
| Carrier type code |
nc |
| Source |
rdacarrier |
| 505 8# - FORMATTED CONTENTS NOTE |
| Formatted contents note |
Machine generated contents note: -- Preface -- PART I: PLANNING AND THE PLANNING SYSTEM -- 1. Introduction: Why Planning Matters -- 2. The Organisation of Planning -- 3. The Control of Development and the Development Process -- PART II: THE STORY OF PLANNING -- 4. The Historical Roots of Planning -- 5. Industrialisation: Reaction and Reform -- 6. From Industrialisation to Globalisation -- 7. Planning into the New Millennium -- 8. The History of the Theories behind Planning -- PART III: THE SCOPE OF MODERN PLANNING -- 9. Planning for the Countryside and other Green Areas -- 10. Sustainable Development -- 11. Regeneration, Retail and Renewal -- 12. Transportation Planning -- 13. Urban Design, Place-Making and Culture -- PART IV: PLANNING AND PEOPLE -- 14. The Social Aspects of Planning -- 15. Planning For Diversity and Equality: Women and Minorities -- 16. Planning and the Built Environment Professions. |
| 520 ## - SUMMARY, ETC. |
| Summary, etc. |
"This accessible text introduces the history, theory and key issues of planning. It is designed to give those new to the subject, both planning and non-planning students, a concise overview of the whole field"-- |
| Assigning source |
Provided by publisher. |
| 650 #0 - SUBJECT ADDED ENTRY--TOPICAL TERM |
| Topical term or geographic name entry element |
Political planning |
| Geographic subdivision |
Great Britain. |
| 9 (RLIN) |
26668 |
| 650 #7 - SUBJECT ADDED ENTRY--TOPICAL TERM |
| Topical term or geographic name entry element |
POLITICAL SCIENCE / Public Policy / City Planning & Urban Development. |
| Source of heading or term |
bisacsh |
| 9 (RLIN) |
26669 |
| 650 #7 - SUBJECT ADDED ENTRY--TOPICAL TERM |
| Topical term or geographic name entry element |
POLITICAL SCIENCE / Public Policy / Regional Planning. |
| Source of heading or term |
bisacsh |
| 9 (RLIN) |
26670 |
| 651 #0 - SUBJECT ADDED ENTRY--GEOGRAPHIC NAME |
| Geographic name |
Great Britain |
| General subdivision |
Politics and government. |
| 9 (RLIN) |
26671 |
| 700 1# - ADDED ENTRY--PERSONAL NAME |
| Personal name |
Johnson, David, |
| Dates associated with a name |
1958 February 12- |
| 9 (RLIN) |
26672 |
| 856 42 - ELECTRONIC LOCATION AND ACCESS |
| Materials specified |
Cover image |
| Uniform Resource Identifier |
<a href="http://www.netread.com/jcusers2/bk1388/324/9780230303324/image/lgcover.9780230303324.jpg">http://www.netread.com/jcusers2/bk1388/324/9780230303324/image/lgcover.9780230303324.jpg</a> |
| 906 ## - LOCAL DATA ELEMENT F, LDF (RLIN) |
| a |
7 |
| b |
cbc |
| c |
orignew |
| d |
1 |
| e |
ecip |
| f |
20 |
| g |
y-gencatlg |
| 942 ## - ADDED ENTRY ELEMENTS (KOHA) |
| Source of classification or shelving scheme |
|
| Koha item type |
Book |